The IEA study of reading literacy : achievement and instruction in thirty-two school systems

Αποθηκεύτηκε σε:
Λεπτομέρειες βιβλιογραφικής εγγραφής
Άλλοι συγγραφείς: Elley, Warwick B. (Επιμελητής έκδοσης)
Μορφή: Βιβλίο
Γλώσσα:English
Δημοσίευση: Exeter : Pergamon, 1994
Σειρά:International studies in educational achievement ; ; 11
Θέματα:
Ετικέτες: Προσθήκη ετικέτας
Δεν υπάρχουν, Καταχωρήστε ετικέτα πρώτοι!

MARC

LEADER 00000nam a2200000 i 4500
001 1/105451
008 000327s1994 eng d
020 |a 0-08-041933-X 
035 |l 10059254 
040 |a GR-MY-UA  |b gre  |e aacr 
041 0 |a eng 
082 0 |a 428.4 
245 1 4 |a The IEA study of reading literacy :  |b achievement and instruction in thirty-two school systems /  |c edited by Warwick B. Elley 
260 |a Exeter :   |b Pergamon,   |c 1994 
300 |a 278 p. 
490 1 |a International studies in educational achievement  |v ; 11 
504 |a Includes index. 
650 0 0 |a Reading  |x Statistics. 
650 0 0 |a Comparative education  |x Statistics. 
700 1 |a Elley, Warwick B.  |4 edt 
830 0 |a International studies in educational achievement ;  |v ; 11 
852 |a INST  |b RHODES  |e 20000327  |h 428.4 ΙΕΑ  |p 005400013670  |q 005400013670  |t BK  |y 0 
901 |a BIBL4-2000-1 
909 |a Ρ  |b 076765 
922 |a 4ΕΛΗ  |b 200003  |c ΚΠΣ/154  |d LEADER BOOKS 
970 |z 2000/03/27